Culture Générale - Série 264 - Statistiques

Statistiques générales
  • Ce quiz a été pris 579 fois
  • Le résultat moyen est 7 sur 10
Statistiques - réponses
Question Réponse % Correct
Comment écrit-on le nombre 14 en chiffres romains ? XIV
99%
Quel nombre est désigné par le terme "septante" en Suisse et en Belgique ? 70
96%
Sur une télécommande, quelle touche a pour symbole deux traits verticaux ? Pause
81%
A quelle célèbre quête le nom du chevalier Lancelot est-il associé ? Le Graal
80%
De quel département la ville de Saint-Etienne est-elle le chef-lieu ? La Loire
62%
De quel sport l'Américain Jake La Motta a-t-il été champion du monde en 1949 ? La boxe
61%
Dans quelle capitale asiatique Murray Head passait-il "One Night" en 1984 ? Bangkok
52%
Quelle danse des années 1920 tient son nom d'une ville de Caroline du Sud ? Le charleston
51%
En 1997, qui succède à John Major au poste de Premier Ministre de la Grande-Bretagne ? Tony Blair
51%
Quel humoriste a créé les personnages de Germaine et Robert Ledoux pour ses sketches? Jean-Yves Lafesse
21%
Aucun quiz correspondant
Distribution des résultats
% des personnes avec chaque résultat
Percentile par nombre de réponses
Votre historique - résultats
Vous n’avez pas pris ce quiz